| 000 | 00709nam a2200241 i 4500 | ||
|---|---|---|---|
| 001 | C2-0302090 | ||
| 003 | PPAK | ||
| 005 | 20180728083220.0 | ||
| 008 | 100107s2005 nyu |||| ||||| | eng d | ||
| 020 | _a0385335539 | ||
| 040 |
_aPPAK _beng _cPPAK _erda |
||
| 082 | 0 | 4 |
_a305.40973 _223 |
| 090 | 0 | 0 |
_a305.40973 _bWOM _dRLCK |
| 245 | 0 | 0 |
_aWomen's letters _bAmerica from revolutionary war to the present |
| 264 | 1 |
_aNew York : _bThe Dial Press , _c2005 |
|
| 300 |
_a824 pages ; _c24 cm |
||
| 336 |
_2rdacontent _atext |
||
| 337 |
_2rdamedia _aunmediated |
||
| 338 |
_2rdacarrier _avolume |
||
| 650 | 1 | 0 | _aUnited States Biography |
| 700 | 1 |
_aGrunwald, Lisa and Adler, Stephen J., _eeditor |
|
| 942 |
_ddc _cB |
||
| 999 |
_c105794 _d105794 |
||